WTA Women's Tennis 2017 - Top player by country - Statistics

General Stats
  • This quiz has been taken 77 times
  • The average score is 21 of 30
Answer Stats
Rank Country Player % Correct
1 Romania Simona Halep
95%
9 United Kingdom Johanna Konta
94%
5 United States Venus Williams
94%
3 Denmark Caroline Wozniacki
92%
6 Ukraine Elina Svitolina
92%
2 Spain Garbine Muguruza
92%
8 France Caroline Garcia
89%
4 Czech Republic Karolina Pliskova
89%
7 Latvia Jelena Ostapenko
88%
17 Australia Ashleigh Barty
82%
28 Poland Agnieszka Radwanska
78%
57 Puerto Rico Monica Puig
77%
51 Greece Maria Sakkari
75%
34 Estonia Anett Kontaveit
74%
31 Netherlands Kiki Bertens
72%
73 Belarus Aryna Sabalenka
68%
14 Germany Julia Goerges
66%
36 Belgium Elise Mertens
65%
55 Hungary Timea Babos
65%
68 Japan Naomi Osaka
63%
80 Italy Camila Giorgi
57%
12 Russia Svetlana Kuznetsova
55%
27 China Peng Shuai
54%
50 Kazakhstan Yulia Putintseva
54%
71 Brazil Beatriz Haddad Maia
52%
39 Switzerland Timea Bacsinszky
46%
32 Croatia Mirjana Lucic-Baroni
45%
20 Slovakia Magdalena Rybarikova
40%
78 Paraguay Veronica Cepede Royg
38%
53 Serbia Aleksandra Krunic
35%
No matching quizzes found
Score Distribution
Percent of People with Each Score
Percentile by Number Answered
Your Score History
You have not taken this quiz